UM Logo

A geometric analogue of a conjecture of gross and reeder / (Record no. 20505)

MARC details
000 -LEADER
fixed length control field 00895nam a22002297a 4500
003 - CONTROL NUMBER IDENTIFIER
control field OSt
005 - DATE AND TIME OF LATEST TRANSACTION
control field 20250910110719.0
008 - FIXED-LENGTH DATA ELEMENTS--GENERAL INFORMATION
fixed length control field 240815b ||||| |||| 00| 0 eng d
040 ## - CATALOGING SOURCE
Transcribing agency 0
082 ## - DEWEY DECIMAL CLASSIFICATION NUMBER
Classification number DPer 510.5 Am351 October-December 2019 v. 141 n. 5-6
100 ## - MAIN ENTRY--PERSONAL NAME
Personal name Kamgarpour, Masoud.
Relator term author.
9 (RLIN) 57916
245 ## - TITLE STATEMENT
Title A geometric analogue of a conjecture of gross and reeder /
Statement of responsibility, etc. Masoud Kamgarpour and Daniel S. Sage.
260 ## - PUBLICATION, DISTRIBUTION, ETC. (IMPRINT)
Place of publication, distribution, etc. Baltimore, Maryland U.S. ;
Name of publisher, distributor, etc. Johns Hopkins University Press ,
Date of publication, distribution, etc. October 2019.
300 ## - PHYSICAL DESCRIPTION
Extent Volume 141, pages 1457-1476 :
Other physical details illustration ;
Dimensions 26 cm.
500 ## - GENERAL NOTE
General note American Journals of Mathematics, vol. 141 no. 5, pages 1457-1476, October 2019.
650 ## - SUBJECT ADDED ENTRY--TOPICAL TERM
Topical term or geographic name as entry element Mathematics.
9 (RLIN) 60504
650 ## - SUBJECT ADDED ENTRY--TOPICAL TERM
Topical term or geographic name as entry element Geometry.
9 (RLIN) 60505
650 ## - SUBJECT ADDED ENTRY--TOPICAL TERM
Topical term or geographic name as entry element Algebra.
9 (RLIN) 60506
700 ## - ADDED ENTRY--PERSONAL NAME
Personal name Kamgarpour, Masoud.
Relator term author.
9 (RLIN) 57917
700 ## - ADDED ENTRY--PERSONAL NAME
Personal name Sage, Daniel S.
Relator term author.
9 (RLIN) 57918
942 ## - ADDED ENTRY ELEMENTS (KOHA)
Source of classification or shelving scheme Dewey Decimal Classification
Koha item type Periodicals
Holdings
Withdrawn status Lost status Source of classification or shelving scheme Damaged status Not for loan Collection code Home library Current library Date acquired Total Checkouts Full call number Date last seen Price effective from Koha item type Public note
    Dewey Decimal Classification     Periodicals UM Digos College - LIC UM Digos College - LIC 08/15/2024   DPer 510.5 Am351 October-December 2019 v. 141 n. 5-6 08/15/2024 08/15/2024 Periodicals Periodical Article